Nghiên cứu hành chánh : Hội thảo về phát triển kinh tế
Sách đề cập một số vấn đề chính yếu và tổng quát qua 15 bài thuyết trình có thêm phần tham khảo và thảo luận.
שמור ב:
| פורמט: | ספר |
|---|---|
| שפה: | Undetermined |
| יצא לאור: |
Sài Gòn
Tập san nghiên cứu hành chánh
1972
|
| נושאים: | |
| תגים: |
הוספת תג
אין תגיות, היה/י הראשונ/ה לתייג את הרשומה!
|
| Thư viện lưu trữ: | Trung tâm Học liệu Trường Đại học Cần Thơ |
|---|
| LEADER | 00823nam a2200205Ia 4500 | ||
|---|---|---|---|
| 001 | CTU_204534 | ||
| 008 | 210402s9999 xx 000 0 und d | ||
| 082 | |a 351.597 | ||
| 082 | |b Ngh305 | ||
| 245 | 0 | |a Nghiên cứu hành chánh : | |
| 245 | 0 | |b Hội thảo về phát triển kinh tế | |
| 245 | 0 | |c Lê Văn Định (biên tập) | |
| 260 | |a Sài Gòn | ||
| 260 | |b Tập san nghiên cứu hành chánh | ||
| 260 | |c 1972 | ||
| 520 | |a Sách đề cập một số vấn đề chính yếu và tổng quát qua 15 bài thuyết trình có thêm phần tham khảo và thảo luận. | ||
| 650 | |a Public administration,Hành chính công | ||
| 650 | |z Vietnam,Việt Nam | ||
| 904 | |i Hải | ||
| 980 | |a Trung tâm Học liệu Trường Đại học Cần Thơ | ||